00330 2200133 4500001002100000005001500021035002000036245005900056100003100115300001200146260001500158082001100173990001200184INLIS00000000000220520250527013410 a0010-05250004971 aSejarah Hidup Untuk Anak /cDr. Hamid Ahmad Ath-thahir0 aDr. Hamid Ahmad Ath-thahir a272 hlm bIBS,c2006 a297.63 a0712697